书目信息 |
| 题名: |
国家创新系统
|
|
| 作者: | 胡志坚 主编 | |
| 分册: | ||
| 出版信息: | 北京 社会科学文献出版社 2000 |
|
| 页数: | 277页 | |
| 开本: | 20cm | |
| 丛书名: | ||
| 单 册: | ||
| 中图分类: | F204 | |
| 科图分类: | ||
| 主题词: | 国家创新系统--研究 , 国家创新系统 | |
| 电子资源: | ||
| ISBN: | 7-80149-268-4 | |
| 000 | 00838nam0 2200229 450 | |
| 001 | 1141340517 | |
| 005 | 20111004113026.82 | |
| 010 | @a7-80149-268-4@dCNY16.80 | |
| 100 | @a20000725d2000 emky0chiy0110 ea | |
| 101 | 0 | @achi |
| 102 | @aCN@b110000 | |
| 105 | @ay z 000yy | |
| 200 | 1 | @a国家创新系统@Aguo jia chuang xin xi tong@e理论分析与国际比较@f胡志坚主编 |
| 210 | @a北京@c社会科学文献出版社@d2000 | |
| 215 | @a277页@d20cm | |
| 330 | @a本书系统地介绍了国家创新理论及其发展脉络,阐述了不同的经济学理论从技术、制度、组织等角度,对于创新的认识,以及国家创新系统思想产生的背景,同时介绍了一些国家和国际组织近些年对国家创新系统的研究及出台的创新政策。 | |
| 606 | 0 | @a国家创新系统@x研究 |
| 606 | 0 | @a国家创新系统 |
| 690 | @aF204@v4 | |
| 701 | 0 | @a胡志坚@Ahu zhi jian@4主编 |
| 801 | 0 | @aCN@bNLC@c20101222 |
| 905 | @a10447@dF204@eJY21 | |
| 国家创新系统:理论分析与国际比较/胡志坚主编.-北京:社会科学文献出版社,2000 |
| 277页;20cm |
| ISBN 7-80149-268-4:CNY16.80 |
| 本书系统地介绍了国家创新理论及其发展脉络,阐述了不同的经济学理论从技术、制度、组织等角度,对于创新的认识,以及国家创新系统思想产生的背景,同时介绍了一些国家和国际组织近些年对国家创新系统的研究及出台的创新政策。 |
| ● |
| 相关链接 |
|
|
|
|
正题名:国家创新系统
索取号:F204/JY21
 
预约/预借
| 序号 | 登录号 | 条形码 | 馆藏地/架位号 | 状态 | 备注 |
| 1 | 7813480 | 278134804 | 学院路分馆/ [索取号:F204/JY21] | 在馆 | |
| 2 | 7813481 | 278134813 | 学院路分馆/ [索取号:F204/JY21] | 在馆 | |
| 3 | 7813482 | 278134822 | 学院路分馆/ [索取号:F204/JY21] | 在馆 | |
| 4 | 7813483 | 278134831 | 学院路分馆/ [索取号:F204/JY21] | 在馆 |